Jawa : cestovní a sportovní motocykly, automobily /

Hlavní autor: Pavlůsek, Alois
Další autoři: Pavlůsek, Ondřej
Jazyk: Čeština
Vydáno: Brno : Computer Press, 2009
Vydání: 2., aktualiz. vyd.
Edice: Motoalbum (Computer Press)
Témata:
Externí odkaz: Digitalizovaný dokument
Fyzický popis: 264 s. : il. (některé barev.) ; 25 cm
Knihy
Uloženo v:
LEADER 01981nam a2200517 a 4500
001 nkc20091963664
003 CZ PrNK
005 20111025092958.0
007 ta
008 090626s2009 xr a f f 001 0 cze
015 |a cnb001963664 
020 |a 978-80-251-1939-6  |q (váz.) 
035 |a (OCoLC)433012695 
040 |a ABA001  |b cze 
043 |a e-xr--- 
045 |a x2y0 
072 7 |a 629  |x Dopravní prostředky  |2 Konspekt  |9 19 
080 |a 629.326  |2 MRF 
080 |a (437.3)  |2 MRF 
080 |a (048.8)  |2 MRF 
100 1 |a Pavlůsek, Alois  |7 xx0027446  |4 aut 
245 1 0 |a Jawa :  |b cestovní a sportovní motocykly, automobily /  |c Alois Pavlůsek, Ondřej Pavlůsek 
250 |a 2., aktualiz. vyd. 
260 |a Brno :  |b Computer Press,  |c 2009 
300 |a 264 s. :  |b il. (některé barev.) ;  |c 25 cm 
490 1 |a Motoalbum 
500 |a Dotisk v r. 2011 
500 |a U dotisku uveden jako autor pouze Alois Pavlůsek 
504 |a Obsahuje bibliografii a rejstřík 
648 4 |a 1929-2009 
650 0 7 |a Jawa (motocykly)  |7 ph170614  |2 czenas 
650 0 7 |a motocykly  |7 ph115359  |z Česko  |y 20.-21. století  |2 czenas 
650 0 9 |a Jawa motorcycle  |2 eczenas 
650 0 9 |a motorcycles  |z Czechia  |y 20th-21st centuries  |2 eczenas 
655 7 |a monografie  |7 fd132842  |2 czenas 
655 9 |a monographs  |2 eczenas 
700 1 |a Pavlůsek, Ondřej  |7 xx0027447  |4 aut 
830 0 |a Motoalbum (Computer Press)  |0 s 
856 4 1 |u http://www.digitalniknihovna.cz/mzk/uuid/uuid:ce376d10-f311-11e4-8936-005056827e51  |y Digitalizovaný dokument  |x NDK 
910 2 |a BOA001  |b 2-1225.694 
990 |a BK 
995 |a 01 
991 |b 200907  |c NOV  |j 629.32 PAV 
996 6 |b 2610382774  |c 2-1225.694  |l MZK  |r Sklad / do 1 hodiny  |n 0  |p p.v.  |w 000946682  |u 000010  |a 1  |e BOA001  |j MZK50  |s P 
996 7 |b 2610382775  |c 2-1225.694  |l MZK  |r Sklad / do 1 hodiny  |n 16  |p p.v.  |w 000946682  |u 000020  |a 1  |e BOA001  |j MZK50  |s A 
996 7 |b 2610490879  |c 2-1225.694  |l MZK  |r Sklad / do 1 hodiny  |n 4  |p dar  |w 000946682  |u 000030  |a 1  |e BOA001  |j MZK50  |s A